| 000 | 01292cam a2200349 a 4500 | ||
|---|---|---|---|
| 001 | 7547 | ||
| 003 | BD-RjUL | ||
| 005 | 20211208234433.0 | ||
| 008 | 870807r19881996enka b 001 0 eng | ||
| 020 | _a0521353602 | ||
| 020 | _a0521358744 (pbk.) | ||
| 035 | _a(BD-RjUL)7591 | ||
| 040 |
_aDLC _cDLC _dDLC _dBD-RjUL _beng |
||
| 041 | _aeng | ||
| 082 | 0 | 0 |
_a418.007 _219 _bINT 1996 |
| 245 | 0 | 0 |
_aInteractive approaches to second language reading / _cedited by Patricia L. Carrell, Joanne Devine, David E. Eskey. |
| 260 |
_aCambridge ; _aNew York : _bCambridge University Press, _cc1988 [7th pri.1996]. |
||
| 300 |
_axiii, 289 p. : _bill. ; _c23 cm. |
||
| 504 | _aIncludes bibliographies and index. | ||
| 650 | 0 |
_aLanguage and languages _xStudy and teaching. _923546 |
|
| 650 | 0 |
_aReading. _923547 |
|
| 650 | 0 |
_aSecond language acquisition. _919310 |
|
| 700 | 1 |
_aCarrell, Patricia L. _923548 |
|
| 700 | 1 |
_aDevine, Joanne. _923549 |
|
| 700 | 1 |
_aEskey, David E. _923550 |
|
| 856 | 4 | 2 |
_3Publisher description _uhttp://www.loc.gov/catdir/description/cam023/87023878.html |
| 856 | 4 | 1 |
_3Table of contents _uhttp://www.loc.gov/catdir/toc/cam029/87023878.html |
| 942 |
_2ddc _cBK |
||
| 999 |
_c7547 _d7547 |
||